书目信息 |
| 题名: |
跨越边界
|
|
| 作者: | 吉罗克斯 , Giroux 著 ;刘惠珍 译 | |
| 分册: | ||
| 出版信息: | 上海 华东师范大学出版社 2002 |
|
| 页数: | 337页 | |
| 开本: | 23cm | |
| 丛书名: | 影响力教育理论译丛 | |
| 单 册: | ||
| 中图分类: | G40-055 , G40-053 | |
| 科图分类: | ||
| 主题词: | 文化工作者--关系--教育政治学--研究 , 文化工作者 , 教育政治学 | |
| 电子资源: | ||
| ISBN: | 7-5617-3034-9 | |
| 000 | 01427oam2 2200337 450 | |
| 001 | 1554123664 | |
| 005 | 20150128150227.45 | |
| 010 | @a7-5617-3034-9@dCNY30.00 | |
| 100 | @a20021206d2002 emky0chiy0110 ea | |
| 101 | 1 | @achi@ceng |
| 102 | @aCN@b310000 | |
| 105 | @ay z 001yy | |
| 200 | 1 | @a跨越边界@9Kua Yue Bian Jie@e文化工作者与教育政治学@EWen Hua Gong Zuo Zhe Yu Jiao Yu Zheng Zhi Xue@f(美)亨利·A.吉罗克斯(Henry A.Giroux)著@F( Mei ) Heng Li· A. Ji Luo Ke Si (Henry A.Giroux) Zhu@g刘惠珍等译 |
| 210 | @a上海@c华东师范大学出版社@d2002 | |
| 215 | @a337页@d23cm | |
| 225 | 2 | @a影响力教育理论译丛 |
| 305 | @a据Routledge, Chapman and Hall, Inc.1992年版译出 | |
| 330 | @a本书包括学校教育与文化政治学,文化工作者与文化教育学两编,论述了激进教育的希望;后殖民冲突与民主的可能性;跨越教育话语的边界:现代主义和女性主义;离开标准的中心:重新确定学科和教育的边界等。 | |
| 461 | 0 | @12001 @a影响力教育理论译丛 |
| 510 | 1 | @aBorder Crossings@eCultural Workers and the Politics of Education@zeng |
| 517 | 1 | @a文化工作者与教育政治学@9Wen Hua Gong Zuo Zhe Yu Jiao Yu Zheng Zhi Xue |
| 606 | 0 | @a文化工作者@x关系@x教育政治学@x研究 |
| 606 | 0 | @a文化工作者 |
| 606 | 0 | @a教育政治学 |
| 690 | @aG40-055@v5 | |
| 690 | @aG40-053@v5 | |
| 701 | 1 | @a吉罗克斯@9Ji Luo Ke Si@bH.A.@4著 |
| 701 | 1 | @aGiroux@bHenry A.@4著 |
| 702 | 0 | @a刘惠珍@9Liu Hui Zhen@4译 |
| 801 | 0 | @aCN@bTSSF@c20150128 |
| 905 | @aZUCC@dG40-055@eJY1 | |
| 跨越边界:文化工作者与教育政治学/(美)亨利·A.吉罗克斯(Henry A.Giroux)著/刘惠珍等译.-上海:华东师范大学出版社,2002 |
| 337页;23cm.-(影响力教育理论译丛) |
| ISBN 7-5617-3034-9:CNY30.00 |
| 本书包括学校教育与文化政治学,文化工作者与文化教育学两编,论述了激进教育的希望;后殖民冲突与民主的可能性;跨越教育话语的边界:现代主义和女性主义;离开标准的中心:重新确定学科和教育的边界等。 |
| ● |
| 相关链接 |
|
|
|
|
正题名:跨越边界
索取号:G40-055/JY1
 
预约/预借
| 序号 | 登录号 | 条形码 | 馆藏地/架位号 | 状态 | 备注 |
| 1 | 7859418 | 278594184 | 学院路分馆/ [索取号:G40-055/JY1] | 在馆 |